Statistiques concernant Les référendums en France, quand ont-ils eu lieu ?

Cliquez ici pour prendre le quiz!

Statistiques générales

  • Ce quiz a été pris 21 fois
  • Le résultat moyen est 6 sur 10

Statistiques - réponses

HintRéponse% Correct
Sur la constitution européenne2005
82%
Sur la constitution de la Ve République1958
76%
Sur l'autodétermination de la Nouvelle-Calédonie1988
71%
Sur le traité de Maastricht1992
71%
Sur le quinquennat présidentiel2000
65%
Sur les accords d'Evian1962
59%
Sur les régions et la rénovation du Sénat1969
59%
Sur l'autodétermination de l'Algérie1961
41%
Sur l'élargissement de la Communauté européenne1972
29%
Sur l'élection au suffrage universel direct du président de la République1962
24%

Distribution des résultats

Percentile par nombre de réponses

% des personnes avec chaque résultat

Votre développement - résultats

Vous n’avez pas pris ce quiz